[Event "30th Cracovia Festival-B 2019"]
[Site "Krakow"]
[Date "2020.01.02"]
[Round "7.30"]
[White "Mikula, Michal"]
[Black "Milikow, Elie"]
[Result "0-1"]
[WhiteElo "1821"]
[BlackElo "2159"]
[Annotator "NA"]
[PlyCount "48"]
[EventDate "2019.12.27"]
[EventCountry "POL"]
[SourceTitle "playchess.com"]
[Source "ChessBase"]
[SourceQuality "1"]

1. e4 c5 2. b4 cxb4 3. a3 bxa3 4. Nf3 d5 5. exd5 Qxd5 6. Nxa3 e6 7. d4 Nf6 8. Nb5 Qd8 9. Bc4 Bd7 10. O-O Be7 11. Ne5 a6 12. Bf4 O-O 13. Nxd7 Nbxd7 14. Na3 Rc8 15. Qf3 Bxa3 16. Bxe6 fxe6 17. Qxa3 Nb6 18. Rfe1 Nfd5 19. Bd6 Nc4 20. Bxf8 Nxa3 21. Bxa3 Qf6 22. Re2 Qg6 23. Ree1 Nf4 24. Rf1 Qxg2# 0-1

[Event "30th Cracovia Festival-B 2019"]
[Site "Krakow"]
[Date "2020.01.02"]
[Round "7.31"]
[White "Golenia, Wojciech"]
[Black "Slabek, Grzegorz"]
[Result "1-0"]
[WhiteElo "2093"]
[BlackElo "1959"]
[Annotator "NA"]
[PlyCount "83"]
[EventDate "2019.12.27"]
[EventCountry "POL"]
[SourceTitle "playchess.com"]
[Source "ChessBase"]
[SourceQuality "1"]

1. c4 c6 2. e4 d6 3. Nc3 g6 4. d4 Bg7 5. Nf3 Nf6 6. Be2 O-O 7. O-O a6 8. h3 b5 9. e5 dxe5 10. dxe5 Nfd7 11. Bf4 Qc7 12. Qc1 e6 13. Ne4 bxc4 14. Nf6+ Kh8 15. Bxc4 c5 16. Qe3 Bb7 17. Rfd1 Nb6 18. b3 Bxf3 19. Qxf3 Nc6 20. Qg3 Bxf6 21. exf6 e5 22. Be3 Nxc4 23. bxc4 Rfe8 24. Bxc5 Nd8 25. Be7 Qxc4 26. Qxe5 Ne6 27. Rac1 Qxa2 28. h4 Qa4 29. Rd6 Qf4 30. Qc3 Kg8 31. g3 Qf5 32. Qe3 g5 33. hxg5 a5 34. Rcd1 a4 35. R6d5 Qc2 36. Qf3 Qg6 37. Qe3 a3 38. Bxa3 Nxg5 39. Be7 h6 40. Kg2 Ra6 41. Rh1 Rxf6 42. Bxf6 1-0

[Event "30th Cracovia Festival-B 2019"]
[Site "Krakow"]
[Date "2020.01.02"]
[Round "7.32"]
[White "Trybus, Daniel"]
[Black "Gondzik, Dawid"]
[Result "0-1"]
[WhiteElo "1862"]
[BlackElo "2045"]
[Annotator "NA"]
[PlyCount "110"]
[EventDate "2019.12.27"]
[EventCountry "POL"]
[SourceTitle "playchess.com"]
[Source "ChessBase"]
[SourceQuality "1"]

1. e4 c5 2. Nf3 Nc6 3. d4 cxd4 4. Nxd4 Nf6 5. Nc3 e6 6. Ndb5 Bb4 7. a3 Bxc3+ 8. Nxc3 d5 9. exd5 exd5 10. Bd3 O-O 11. O-O d4 12. Ne2 h6 13. b4 a6 14. Bb2 Kh8 15. Qd2 Qd6 16. Rad1 Rd8 17. Bc4 Ng4 18. Qf4 Qxf4 19. Nxf4 Nge5 20. Bb3 Bf5 21. Rd2 Rd7 22. Nd5 Rad8 23. Nb6 Rd6 24. Re1 Rg6 25. Kh1 Bg4 26. h3 Nf3 27. Rde2 d3 28. Re8+ Kh7 29. hxg4 d2 30. gxf3 Rxe8 31. Rg1 Re1 32. c4 Rge6 33. Bc2+ Kg8 34. Nd5 Rxg1+ 35. Kxg1 Re1+ 36. Kg2 d1=Q 37. Bxd1 Rxd1 38. a4 f6 39. f4 Kf7 40. Kf3 Rd3+ 41. Ke4 Rb3 42. Bc3 Ne7 43. Nxe7 Rxc3 44. Kd4 Rf3 45. Nd5 f5 46. g5 h5 47. c5 Ra3 48. Ke5 Rxa4 49. Kxf5 g6+ 50. Ke5 h4 51. f5 h3 52. fxg6+ Kg7 53. Ne7 h2 54. Nf5+ Kxg6 55. Ng3 Kxg5 0-1

[Event "30th Cracovia Festival-B 2019"]
[Site "Krakow"]
[Date "2020.01.03"]
[Round "8.25"]
[White "Lutsko, Artem"]
[Black "Swider, Pawel"]
[Result "1-0"]
[WhiteElo "2005"]
[BlackElo "1803"]
[Annotator "NA"]
[PlyCount "69"]
[EventDate "2019.12.27"]
[EventCountry "POL"]
[SourceTitle "playchess.com"]
[Source "ChessBase"]
[SourceQuality "1"]
[TimeControl "40/5400+30:1800+30"]

1. d4 {[%emt 0:00:00]} d5 {[%emt 0:00:00]} 2. c4 {[%emt 0:00:00]} c6 {[%emt 0:00:00]} 3. Nf3 {[%emt 0:00:05]} Nf6 {[%emt 0:00:00]} 4. e3 {[%emt 0:00:05]} Bf5 {[%emt 0:00:43]} 5. Nc3 {[%emt 0:00:08]} e6 {[%emt 0:00:15]} 6. Nh4 {[%emt 0:00:08]} Bg6 {[%emt 0:00:19]} 7. Nxg6 {[%emt 0:00:25]} hxg6 {[%emt 0:00:06]} 8. a3 {[%emt 0:00:26]} Bd6 {[%emt 0:01:26]} 9. g3 {[%emt 0:01:46]} Nbd7 {[%emt 0:00:55]} 10. c5 {[%emt 0:00:15]} Bc7 {[%emt 0:00:28]} 11. b4 {[%emt 0:01:23]} e5 {[%emt 0:05:47]} 12. Bg2 {[%emt 0:00:54]} Qe7 {[%emt 0:03:56]} 13. Kf1 {[%emt 0:05:37]} e4 {[%emt 0:06:39]} 14. Bd2 {[%emt 0:02:20]} Qe6 {[%emt 0:02:03]} 15. h4 {[%emt 0:04:02]} Ng4 {[%emt 0:04:35]} 16. Bh3 {[%emt 0:03:16]} Ndf6 {[%emt 0:01:28]} 17. Kg2 {[%emt 0:00:54]} Qf5 {[%emt 0:03:36]} 18. Qe2 {[%emt 0:00:43]} g5 {[%emt 0:05:26]} 19. hxg5 {[%emt 0:02:56]} Qxg5 {[%emt 0:02:34]} 20. Bxg4 {[%emt 0:00:07]} Rxh1 {[%emt 0:00:16]} 21. Rxh1 {[%emt 0:00:00]} Nxg4 {[%emt 0:08:51]} 22. Rh8+ {[%emt 0:00:04]} Ke7 {[%emt 0:00:12]} 23. Rxa8 {[%emt 0:00:03]} Bd8 {[%emt 0:00:06]} 24. f3 {[%emt 0:04:43]} exf3+ {[%emt 0:01:15]} 25. Qxf3 {[%emt 0:00:06]} Qh5 {[%emt 0:01:34]} 26. Rxa7 {[%emt 0:06:08]} f5 {[%emt 0:03:52]} 27. Rxb7+ {[%emt 0:01:00]} Ke8 {[%emt 0:00:56]} 28. Ne2 {[%emt 0:04:38]} g6 {[%emt 0:02:42]} 29. b5 {[%emt 0:02:07]} Qh2+ {[%emt 0:08:32]} 30. Kf1 {[%emt 0:00:05]} Bg5 {[%emt 0:01:18]} 31. Qg2 {[%emt 0:01:36]} Qh5 {[%emt 0:01:59]} 32. bxc6 {[%emt 0:01:37]} Nf6 {[%emt 0:11:00]} 33. Rb8+ {[%emt 0:01:15]} Kf7 {[%emt 0:00:36]} 34. c7 {[%emt 0:00:30]} Ne4 {[%emt 0:01:41]} 35. Ke1 {[%emt 0:01:32]} 1-0

[Event "30th Cracovia Festival-B 2019"]
[Site "Krakow"]
[Date "2020.01.03"]
[Round "8.26"]
[White "Palamarchuk, Andriy"]
[Black "Sharma Isha"]
[Result "0-1"]
[WhiteElo "1899"]
[BlackElo "2099"]
[Annotator "NA"]
[PlyCount "108"]
[EventDate "2019.12.27"]
[EventCountry "POL"]
[SourceTitle "playchess.com"]
[Source "ChessBase"]
[SourceQuality "1"]
[TimeControl "40/5400+30:1800+30"]

1. e4 {[%emt 0:00:19]} e5 {[%emt 0:00:00]} 2. Nf3 {[%emt 0:00:07]} Nc6 {[%emt 0:00:00]} 3. Nc3 {[%emt 0:00:06]} Nf6 {[%emt 0:00:12]} 4. d4 {[%emt 0:00:09]} exd4 {[%emt 0:01:33]} 5. Nxd4 {[%emt 0:00:05]} Bb4 {[%emt 0:00:22]} 6. Nxc6 {[%emt 0:00:11]} bxc6 {[%emt 0:00:09]} 7. Bd3 {[%emt 0:00:04]} O-O {[%emt 0:02:54]} 8. O-O {[%emt 0:03:46]} d5 {[%emt 0:05:30]} 9. exd5 {[%emt 0:04:39]} cxd5 {[%emt 0:01:50]} 10. Bg5 {[%emt 0:00:17]} c6 {[%emt 0:02:48]} 11. Qf3 {[%emt 0:14:06]} Be7 {[%emt 0:01:12]} 12. h3 {[%emt 0:00:06]} h6 {[%emt 0:04:33]} 13. Bf4 {[%emt 0:00:26]} Bd6 {[%emt 0:00:51]} 14. Ne2 {[%emt 0:00:21]} Rb8 {[%emt 0:03:01]} 15. Nd4 {[%emt 0:27:25]} Qc7 {[%emt 0:00:25]} 16. Bxd6 {[%emt 0:11:10]} Qxd6 {[%emt 0:00:05]} 17. Qg3 {[%emt 0:05:06]} Qxg3 {[%emt 0:02:39]} 18. fxg3 {[%emt 0:00:04]} c5 {[%emt 0:01:19]} 19. Nc6 {[%emt 0:02:33]} Rxb2 {[%emt 0:00:17]} 20. Rab1 {[%emt 0:01:04]} Rxb1 {[%emt 0:02:42]} 21. Rxb1 {[%emt 0:00:04]} c4 {[%emt 0:02:29]} 22. Rb8 {[%emt 0:01:59]} cxd3 {[%emt 0:02:36]} 23. cxd3 {[%emt 0:02:30]} Kh7 {[%emt 0:01:40]} 24. Nxa7 {[%emt 0:00:14]} Re8 {[%emt 0:03:33]} 25. Nxc8 {[%emt 0:05:34]} Nd7 {[%emt 0:02:26]} 26. Ra8 {[%emt 0:00:05]} Nc5 {[%emt 0:02:49]} 27. d4 {[%emt 0:00:06]} Nd3 {[%emt 0:00:09]} 28. Nb6 {[%emt 0:00:54]} Re1+ {[%emt 0:00:13]} 29. Kh2 {[%emt 0:00:03]} Rd1 {[%emt 0:18:31]} 30. Ra4 {[%emt 0:04:45]} h5 {[%emt 0:01:21]} 31. Nxd5 {[%emt 0:01:02]} g5 {[%emt 0:06:38]} 32. Ra6 {[%emt 0:02:48]} g4 {[%emt 0:09:02]} 33. Nf6+ {[%emt 0:04:39]} Kh8 {[%emt 0:00:06]} 34. Ra8+ {[%emt 0:00:04]} Kg7 {[%emt 0:00:03]} 35. Nxh5+ {[%emt 0:00:06]} Kh6 {[%emt 0:00:08]} 36. Rh8+ {[%emt 0:00:04]} Kg5 {[%emt 0:00:05]} 37. h4+ {[%emt 0:00:08]} Kf5 {[%emt 0:00:08]} 38. Rf8 {[%emt 0:00:20]} Kg6 {[%emt 0:02:04]} 39. Rg8+ {[%emt 0:05:56]} Kxh5 {[%emt 0:00:09]} 40. Rg5+ {[%emt 0:00:00]} Kh6 {[%emt 0:00:00]} 41. Rf5 {[%emt 0:00:04]} Kg6 {[%emt 0:00:19]} 42. Rg5+ {[%emt 0:00:04]} Kh6 {[%emt 0:03:09]} 43. Rf5 {[%emt 0:00:15]} Kg7 {[%emt 0:00:04]} 44. a4 {[%emt 0:03:26]} f6 {[%emt 0:00:35]} 45. h5 {[%emt 0:00:22]} Kf7 {[%emt 0:00:28]} 46. a5 {[%emt 0:00:42]} Ke6 {[%emt 0:00:24]} 47. Rf4 {[%emt 0:01:05]} Nxf4 {[%emt 0:00:06]} 48. gxf4 {[%emt 0:00:02]} Rxd4 {[%emt 0:00:07]} 49. Kg3 {[%emt 0:00:04]} f5 {[%emt 0:00:13]} 50. Kh4 {[%emt 0:01:12]} Kf6 {[%emt 0:00:05]} 51. h6 {[%emt 0:00:05]} Rd7 {[%emt 0:00:31]} 52. Kh5 {[%emt 0:00:10]} Ra7 {[%emt 0:00:21]} 53. a6 {[%emt 0:00:31]} Rd7 {[%emt 0:00:07]} 54. g3 {[%emt 0:01:55]} Rd2 {[%emt 0:00:08]} 0-1

[Event "30th Cracovia Festival-B 2019"]
[Site "Krakow"]
[Date "2020.01.03"]
[Round "8.28"]
[White "Gondzik, Dawid"]
[Black "Golenia, Wojciech"]
[Result "1-0"]
[WhiteElo "2045"]
[BlackElo "2093"]
[Annotator "NA"]
[PlyCount "79"]
[EventDate "2019.12.27"]
[EventCountry "POL"]
[SourceTitle "playchess.com"]
[Source "ChessBase"]
[SourceQuality "1"]
[TimeControl "40/5400+30:1800+30"]

1. d4 {[%emt 0:00:00]} c5 {[%emt 0:00:00]} 2. d5 {[%emt 0:00:58]} Nf6 {[%emt 0:00:00]} 3. Nc3 {[%emt 0:02:17]} g6 {[%emt 0:01:50]} 4. e4 {[%emt 0:01:12]} d6 {[%emt 0:00:10]} 5. f4 {[%emt 0:01:04]} Bg7 {[%emt 0:01:42]} 6. e5 {[%emt 0:02:41]} dxe5 {[%emt 0:02:53]} 7. fxe5 {[%emt 0:00:15]} Ng4 {[%emt 0:16:39]} 8. Bb5+ {[%emt 0:02:41]} Kf8 {[%emt 0:00:20]} 9. e6 {[%emt 0:03:54]} h5 {[%emt 0:05:49]} 10. Nf3 {[%emt 0:10:08]} fxe6 {[%emt 0:10:35]} 11. O-O {[%emt 0:03:50]} Bxc3 {[%emt 0:02:18]} 12. bxc3 {[%emt 0:11:53]} exd5 {[%emt 0:01:47]} 13. Nh4+ {[%emt 0:04:48]} Kg7 {[%emt 0:03:57]} 14. h3 {[%emt 0:08:58]} Nf6 {[%emt 0:25:18]} 15. Qd3 {[%emt 0:04:50]} Ne4 {[%emt 0:00:45]} 16. Bf4 {[%emt 0:05:26]} Rf8 {[%emt 0:02:23]} 17. Be5+ {[%emt 0:12:51]} Kh7 {[%emt 0:00:06]} 18. c4 {[%emt 0:02:12]} Bf5 {[%emt 0:08:23]} 19. Nxf5 {[%emt 0:00:15]} Rxf5 {[%emt 0:00:26]} 20. Rxf5 {[%emt 0:01:15]} gxf5 {[%emt 0:00:01]} 21. Qf3 {[%emt 0:01:13]} Kg6 {[%emt 0:00:13]} 22. cxd5 {[%emt 0:05:25]} Nd7 {[%emt 0:05:36]} 23. Rf1 {[%emt 0:00:58]} Nxe5 {[%emt 0:00:04]} 24. Qxf5+ {[%emt 0:00:08]} Kg7 {[%emt 0:00:19]} 25. Qxe4 {[%emt 0:03:03]} Qd6 {[%emt 0:00:54]} 26. Rf5 {[%emt 0:01:12]} Ng6 {[%emt 0:01:01]} 27. Bd3 {[%emt 0:02:34]} Rf8 {[%emt 0:04:19]} 28. Rg5 {[%emt 0:00:39]} Rf6 {[%emt 0:00:23]} 29. Qh4 {[%emt 0:03:50]} c4 {[%emt 0:01:28]} 30. Qxc4 {[%emt 0:00:45]} Qb6+ {[%emt 0:01:18]} 31. Kh2 {[%emt 0:00:59]} Qf2 {[%emt 0:01:51]} 32. Qe4 {[%emt 0:00:58]} Qb6 {[%emt 0:00:55]} 33. Qxe7+ {[%emt 0:00:28]} Kh6 {[%emt 0:00:10]} 34. Qxf6 {[%emt 0:02:43]} Qxf6 {[%emt 0:00:16]} 35. Rxg6+ {[%emt 0:00:05]} Qxg6 {[%emt 0:00:05]} 36. Bxg6 {[%emt 0:00:03]} Kxg6 {[%emt 0:00:04]} 37. c4 {[%emt 0:00:54]} Kf5 {[%emt 0:00:03]} 38. g4+ {[%emt 0:00:29]} hxg4 {[%emt 0:00:15]} 39. hxg4+ {[%emt 0:00:15]} Ke5 {[%emt 0:00:08]} 40. a4 {[%emt 0:00:00] Kxd5} 1-0

[Event "30th Cracovia Festival-B 2019"]
[Site "Krakow"]
[Date "2020.01.03"]
[Round "8.29"]
[White "Bogdanov, Ignat"]
[Black "Radovic, Stefan"]
[Result "0-1"]
[WhiteElo "2082"]
[BlackElo "2007"]
[Annotator "NA"]
[PlyCount "72"]
[EventDate "2019.12.27"]
[EventCountry "POL"]
[SourceTitle "playchess.com"]
[Source "ChessBase"]
[SourceQuality "1"]
[TimeControl "40/5400+30:1800+30"]

1. d4 {[%emt 0:00:00]} Nf6 {[%emt 0:00:12]} 2. c4 {[%emt 0:00:00]} e6 {[%emt 0:00:32]} 3. Nc3 {[%emt 0:01:14]} Bb4 {[%emt 0:00:35]} 4. f3 {[%emt 0:00:13]} c5 {[%emt 0:00:47]} 5. d5 {[%emt 0:00:18]} b5 {[%emt 0:03:02]} 6. e4 {[%emt 0:00:22]} d6 {[%emt 0:01:33]} 7. Bd3 {[%emt 0:04:26]} bxc4 {[%emt 0:20:58]} 8. Bxc4 {[%emt 0:00:38]} e5 {[%emt 0:03:50]} 9. Nge2 {[%emt 0:01:48]} Nh5 {[%emt 0:05:04]} 10. h4 {[%emt 0:09:54]} Nd7 {[%emt 0:08:06]} 11. g4 {[%emt 0:03:31]} Nf4 {[%emt 0:00:28]} 12. Nxf4 {[%emt 0:02:46]} exf4 {[%emt 0:00:05]} 13. Bxf4 {[%emt 0:01:55]} Qf6 {[%emt 0:06:30]} 14. Qd2 {[%emt 0:01:04]} Ne5 {[%emt 0:03:36]} 15. Be2 {[%emt 0:05:52]} Qe7 {[%emt 0:11:27]} 16. g5 {[%emt 0:18:52]} Rb8 {[%emt 0:06:36]} 17. Rg1 {[%emt 0:07:06]} Bd7 {[%emt 0:00:38]} 18. Be3 {[%emt 0:03:38]} Bb5 {[%emt 0:00:47]} 19. Kf2 {[%emt 0:05:24]} Bxe2 {[%emt 0:01:23]} 20. Kxe2 {[%emt 0:01:49]} Nc4 {[%emt 0:03:58]} 21. Qc1 {[%emt 0:00:24]} Nxe3 {[%emt 0:10:09]} 22. Qxe3 {[%emt 0:00:40]} O-O {[%emt 0:01:54]} 23. Rg2 {[%emt 0:01:18]} c4 {[%emt 0:01:15]} 24. Rf1 {[%emt 0:05:53]} Rb6 {[%emt 0:01:46]} 25. Kd1 {[%emt 0:02:58]} Rfb8 {[%emt 0:00:36]} 26. Qc1 {[%emt 0:01:53]} Qe5 {[%emt 0:02:52]} 27. Rff2 {[%emt 0:04:53]} Bc5 {[%emt 0:03:01]} 28. Re2 {[%emt 0:00:09]} Bb4 {[%emt 0:00:53]} 29. Rd2 {[%emt 0:04:10]} Qf4 {[%emt 0:00:20]} 30. Ke2 {[%emt 0:00:41]} Qxh4 {[%emt 0:00:17]} 31. a3 {[%emt 0:02:11]} Ba5 {[%emt 0:00:40]} 32. Qg1 {[%emt 0:03:41]} Rxb2 {[%emt 0:00:31]} 33. Qxa7 {[%emt 0:01:41]} Bxc3 {[%emt 0:00:59]} 34. Rxb2 {[%emt 0:00:01]} Rxb2+ {[%emt 0:00:10]} 35. Ke3 {[%emt 0:00:05]} Qe1+ {[%emt 0:00:18]} 36. Kf4 {[%emt 0:00:08]} Be5+ {[%emt 0:00:26]} 0-1

[Event "30th Cracovia Festival-B 2019"]
[Site "Krakow"]
[Date "2020.01.03"]
[Round "8.30"]
[White "Jablonska, Sabina"]
[Black "Janus, Przemyslaw"]
[Result "0-1"]
[WhiteElo "1933"]
[BlackElo "2065"]
[Annotator "NA"]
[PlyCount "144"]
[EventDate "2019.12.27"]
[EventCountry "POL"]
[SourceTitle "playchess.com"]
[Source "ChessBase"]
[SourceQuality "1"]
[TimeControl "40/5400+30:1800+30"]

1. d4 {[%emt 0:00:00]} d5 {[%emt 0:00:00]} 2. Bf4 {[%emt 0:00:00]} Nf6 {[%emt 0:00:52]} 3. e3 {[%emt 0:00:08]} e6 {[%emt 0:01:05]} 4. c3 {[%emt 0:00:16]} Bd6 {[%emt 0:00:46]} 5. Bg3 {[%emt 0:00:17]} O-O {[%emt 0:01:07]} 6. Nf3 {[%emt 0:00:53]} b6 {[%emt 0:04:49]} 7. Nbd2 {[%emt 0:07:22]} c5 {[%emt 0:04:11]} 8. Bd3 {[%emt 0:06:38]} Ba6 {[%emt 0:04:56]} 9. Bc2 {[%emt 0:16:49]} Bb7 {[%emt 0:11:53]} 10. Qb1 {[%emt 0:09:41]} Qc7 {[%emt 0:10:28]} 11. Ne5 {[%emt 0:14:21]} Nc6 {[%emt 0:05:24]} 12. Nxc6 {[%emt 0:05:44]} Qxc6 {[%emt 0:01:21]} 13. Bh4 {[%emt 0:01:06]} Ne4 {[%emt 0:09:09]} 14. f3 {[%emt 0:10:58]} Nxd2 {[%emt 0:01:03]} 15. Bxh7+ {[%emt 0:01:06]} Kh8 {[%emt 0:00:04]} 16. Kxd2 {[%emt 0:00:06]} cxd4 {[%emt 0:01:08]} 17. cxd4 {[%emt 0:04:25]} e5 {[%emt 0:07:24]} 18. Bd3 {[%emt 0:11:49]} exd4 {[%emt 0:01:06]} 19. Bg5 {[%emt 0:03:08]} dxe3+ {[%emt 0:01:48]} 20. Bxe3 {[%emt 0:00:06]} Rfe8 {[%emt 0:00:18]} 21. Qg1 {[%emt 0:03:37]} Qa4 {[%emt 0:02:54]} 22. Bc2 {[%emt 0:01:35]} Qb4+ {[%emt 0:00:30]} 23. Kd1 {[%emt 0:00:34]} d4 {[%emt 0:02:48]} 24. Bd2 {[%emt 0:00:30]} Qc5 {[%emt 0:08:01]} 25. Qf2 {[%emt 0:00:24]} Be7 {[%emt 0:00:38]} 26. Rc1 {[%emt 0:00:23]} d3 {[%emt 0:04:14]} 27. Qxc5 {[%emt 0:00:11]} Bxc5 {[%emt 0:00:01]} 28. Bxd3 {[%emt 0:00:44]} Rad8 {[%emt 0:00:05]} 29. Bb5 {[%emt 0:00:50]} Re5 {[%emt 0:00:13]} 30. Rc2 {[%emt 0:00:43]} Be3 {[%emt 0:03:52]} 31. Bc4 {[%emt 0:00:14]} Rc5 {[%emt 0:00:51]} 32. b3 {[%emt 0:00:42]} b5 {[%emt 0:00:10]} 33. Re1 {[%emt 0:00:34]} Bxd2 {[%emt 0:00:36]} 34. Rxd2 {[%emt 0:00:21]} Rxd2+ {[%emt 0:00:06]} 35. Kxd2 {[%emt 0:00:04]} bxc4 {[%emt 0:00:05]} 36. bxc4 {[%emt 0:00:18]} Rxc4 {[%emt 0:00:50]} 37. Re7 {[%emt 0:00:06]} Bd5 {[%emt 0:00:13]} 38. Rxa7 {[%emt 0:00:14]} Rb4 {[%emt 0:00:21]} 39. Kc3 {[%emt 0:00:14]} Rb1 {[%emt 0:00:18]} 40. Kd4 {[%emt 0:00:00]} Be6 {[%emt 0:00:00]} 41. a4 {[%emt 0:04:27]} Rb2 {[%emt 0:00:27]} 42. g4 {[%emt 0:00:26]} Rxh2 {[%emt 0:00:10]} 43. a5 {[%emt 0:00:36]} Kh7 {[%emt 0:00:31]} 44. Ke5 {[%emt 0:00:54]} Rf2 {[%emt 0:00:54]} 45. Ke4 {[%emt 0:01:47]} Re2+ {[%emt 0:00:29]} 46. Kf4 {[%emt 0:01:32]} Ra2 {[%emt 0:00:09]} 47. Kg5 {[%emt 0:07:40]} Ra4 {[%emt 0:01:04]} 48. a6 {[%emt 0:03:50]} f6+ {[%emt 0:01:04]} 49. Kh4 {[%emt 0:06:33]} Bd5 {[%emt 0:00:11]} 50. f4 {[%emt 0:01:40]} Rxf4 {[%emt 0:00:12]} 51. Rc7 {[%emt 0:01:05]} Ra4 {[%emt 0:00:45]} 52. a7 {[%emt 0:00:11]} Bf3 {[%emt 0:00:58]} 53. Kg3 {[%emt 0:00:30]} Bxg4 {[%emt 0:00:09]} 54. Rc4 {[%emt 0:01:29]} Rxa7 {[%emt 0:00:20]} 55. Kxg4 {[%emt 0:00:04]} Kg6 {[%emt 0:00:11]} 56. Rb4 {[%emt 0:00:06]} Ra1 {[%emt 0:00:07]} 57. Rc4 {[%emt 0:00:11]} Rg1+ {[%emt 0:00:06]} 58. Kf4 {[%emt 0:00:15]} Kh5 {[%emt 0:00:25]} 59. Rc8 {[%emt 0:00:46]} g5+ {[%emt 0:00:41]} 60. Kf3 {[%emt 0:00:04]} Ra1 {[%emt 0:00:24]} 61. Rc4 {[%emt 0:01:15]} f5 {[%emt 0:00:25]} 62. Rc8 {[%emt 0:00:21]} Ra3+ {[%emt 0:00:10]} 63. Kg2 {[%emt 0:00:06]} Kg4 {[%emt 0:00:54]} 64. Rc4+ {[%emt 0:00:05]} f4 {[%emt 0:00:03]} 65. Rc2 {[%emt 0:00:05]} Rh3 {[%emt 0:00:23]} 66. Rc4 {[%emt 0:00:33]} Rg3+ {[%emt 0:00:40]} 67. Kh2 {[%emt 0:01:11]} Re3 {[%emt 0:00:13]} 68. Rc5 {[%emt 0:01:09]} Re2+ {[%emt 0:00:08]} 69. Kg1 {[%emt 0:00:03]} Kh4 {[%emt 0:00:08]} 70. Kf1 {[%emt 0:00:09]} Ra2 {[%emt 0:00:05]} 71. Rc4 {[%emt 0:00:28]} Kg3 {[%emt 0:00:15]} 72. Rc5 {[%emt 0:00:21]} Ra1+ {[%emt 0:00:34] Rd5} 0-1

[Event "30th Cracovia Festival-B 2019"]
[Site "Krakow"]
[Date "2020.01.03"]
[Round "8.31"]
[White "Krawczyk, Wojciech"]
[Black "Lozynskyi, Bohdan"]
[Result "1/2-1/2"]
[WhiteElo "1885"]
[BlackElo "2067"]
[Annotator "NA"]
[PlyCount "98"]
[EventDate "2019.12.27"]
[EventCountry "POL"]
[SourceTitle "playchess.com"]
[Source "ChessBase"]
[SourceQuality "1"]
[TimeControl "40/5400+30:1800+30"]

1. d4 {[%emt 0:00:00]} d5 {[%emt 0:00:00]} 2. Bf4 {[%emt 0:00:00]} Nf6 {[%emt 0:00:00]} 3. e3 {[%emt 0:00:00]} c5 {[%emt 0:00:00]} 4. c3 {[%emt 0:00:07]} Nc6 {[%emt 0:00:00]} 5. Nf3 {[%emt 0:00:09]} Qb6 6. Qb3 {[%emt 0:00:26]} c4 {[%emt 0:00:06]} 7. Qxb6 {[%emt 0:01:22]} axb6 {[%emt 0:00:09]} 8. Nbd2 {[%emt 0:06:53]} b5 {[%emt 0:00:35]} 9. a3 {[%emt 0:04:52]} b4 {[%emt 0:00:17]} 10. cxb4 {[%emt 0:00:14]} Nxb4 {[%emt 0:00:13]} 11. Rc1 {[%emt 0:00:04]} Nc6 {[%emt 0:00:46]} 12. Ne5 {[%emt 0:26:01]} e6 {[%emt 0:11:19]} 13. Be2 {[%emt 0:00:26]} Nd7 {[%emt 0:01:39]} 14. Nxc6 {[%emt 0:13:30]} bxc6 {[%emt 0:00:03]} 15. O-O {[%emt 0:01:40]} Nb6 {[%emt 0:09:18]} 16. Rc2 {[%emt 0:02:52]} Kd7 {[%emt 0:02:37]} 17. Rb1 {[%emt 0:01:50]} Ba6 {[%emt 0:02:12]} 18. b3 {[%emt 0:02:56]} cxb3 {[%emt 0:00:32]} 19. Nxb3 {[%emt 0:07:52]} Bxe2 {[%emt 0:00:27]} 20. Rxe2 {[%emt 0:00:06]} Na4 {[%emt 0:00:35]} 21. Nc5+ {[%emt 0:07:19]} Nxc5 {[%emt 0:12:02]} 22. dxc5 {[%emt 0:00:09]} Ra7 {[%emt 0:00:44]} 23. Reb2 {[%emt 0:00:40]} e5 {[%emt 0:01:04]} 24. Bxe5 {[%emt 0:01:33]} Bxc5 {[%emt 0:00:48]} 25. Bxg7 {[%emt 0:03:36]} Rha8 {[%emt 0:00:37]} 26. Rb7+ {[%emt 0:00:42]} Rxb7 {[%emt 0:00:56]} 27. Rxb7+ {[%emt 0:00:05]} Ke6 {[%emt 0:00:08]} 28. Rc7 {[%emt 0:02:21]} Ra6 {[%emt 0:00:10]} 29. a4 {[%emt 0:00:15]} Bd6 {[%emt 0:00:33]} 30. Rc8 {[%emt 0:00:53]} c5 {[%emt 0:00:50]} 31. g3 {[%emt 0:06:06]} Rxa4 {[%emt 0:00:26]} 32. Rh8 {[%emt 0:02:16]} f6 {[%emt 0:01:36]} 33. Re8+ {[%emt 0:05:11]} Kf7 {[%emt 0:00:37]} 34. Rd8 {[%emt 0:00:11]} Be7 {[%emt 0:03:27]} 35. Rd7 {[%emt 0:00:08]} c4 {[%emt 0:00:12]} 36. Kf1 {[%emt 0:03:47]} Ra1+ {[%emt 0:00:42]} 37. Ke2 {[%emt 0:00:26]} Ra2+ {[%emt 0:00:05]} 38. Ke1 {[%emt 0:00:43]} c3 {[%emt 0:00:14]} 39. Bh6 {[%emt 0:00:36]} Ra1+ {[%emt 0:00:14]} 40. Ke2 {[%emt 0:00:00]} c2 {[%emt 0:00:00]} 41. e4 {[%emt 0:00:33]} c1=Q {[%emt 0:02:19]} 42. Bxc1 {[%emt 0:00:11]} Rxc1 {[%emt 0:00:04]} 43. Rxd5 {[%emt 0:00:08]} Rc2+ {[%emt 0:00:13]} 44. Rd2 {[%emt 0:04:01]} Rxd2+ {[%emt 0:01:12]} 45. Kxd2 {[%emt 0:00:04]} Bc5 {[%emt 0:00:04]} 46. Ke2 {[%emt 0:00:10]} Ke6 {[%emt 0:00:09]} 47. f4 {[%emt 0:00:14]} Bg1 {[%emt 0:01:05]} 48. h3 {[%emt 0:00:25]} h5 {[%emt 0:00:10]} 49. Kf3 {[%emt 0:00:18]} Bb6 {[%emt 0:00:30]} 1/2-1/2

[Event "30th Cracovia Festival-B 2019"]
[Site "Krakow"]
[Date "2020.01.04"]
[Round "9.25"]
[White "Sharma Isha"]
[Black "Lutsko, Artem"]
[Result "1/2-1/2"]
[WhiteElo "2099"]
[BlackElo "2005"]
[Annotator "NA"]
[PlyCount "120"]
[EventDate "2019.12.27"]
[EventCountry "POL"]
[SourceTitle "playchess.com"]
[Source "ChessBase"]
[SourceQuality "1"]

1. e4 c5 2. Nf3 e6 3. g3 d5 4. exd5 exd5 5. d4 Nf6 6. Bg2 {B40: Sicilian: 2...e6, Unusual lines} Be7 7. O-O O-O 8. dxc5 Ne4 9. Be3 Na6 $146 ({Predecessor:} 9... Nxc5 10. Nc3 Be6 11. Ne1 d4 12. Qxd4 Nc6 13. Qxd8 Rfxd8 {1-0 (22) Bok,B (2591)-Taalaibekov,T (1948) Pune 2014}) 10. Nbd2 Naxc5 11. Nb3 Bf5 12. Nbd4 Bg6 13. Ne5 Re8 14. Nxg6 hxg6 15. c3 Bg5 16. Bxg5 Qxg5 17. Nb5 Qd8 18. Qc2 Qb6 19. Nd4 Re7 20. Rad1 Rae8 21. Rfe1 Nf6 22. Rxe7 Rxe7 23. Ne2 Nce4 {[#]} 24. Nf4 $1 Qc5 25. Nxd5 Nxd5 26. Bxe4 Ne3 27. Rd8+ Kh7 28. Qd3 $16 ({Of course not} 28. fxe3 $6 Qxe3+ {[%mdl 64] Double Attack} 29. Kg2 Rxe4 $11) (28. Qb1 $142) 28... Ng4 29. Qd4 Qh5 30. h4 Nf6 31. Bd3 Qf3 32. Bf1 Ne4 33. Bg2 Qe2 34. Bxe4 Rxe4 35. Qd2 Qa6 36. h5 gxh5 37. Qd5 Re1+ 38. Kh2 Qg6 39. Rd6 f6 40. Rd8 Re2 41. Kg2 h4 42. Qg8+ Kh6 43. Qh8+ Qh7 44. Qxh7+ Kxh7 45. gxh4 Rxb2 46. Rd7 a6 47. a4 Rb3 48. Rc7 b5 49. axb5 axb5 50. Rc5 b4 51. cxb4 Rxb4 52. Kg3 g6 53. Rc7+ Kh6 54. Rc6 f5 55. Rc7 Rg4+ 56. Kh3 Rf4 57. Kg3 Rg4+ 58. Kh3 Rf4 59. Kg3 Rg4+ 60. Kh3 Rf4 1/2-1/2